Ecological studies on mites associated with truck crops (Record no. 6494)

MARC details
000 -LEADER
fixed length control field 01136nam a2200301Ia 4500
001 - CONTROL NUMBER
control field u26009
003 - CONTROL NUMBER IDENTIFIER
control field SIRSI
005 - DATE AND TIME OF LATEST TRANSACTION
control field 20180219123922.0
007 - PHYSICAL DESCRIPTION FIXED FIELD--GENERAL INFORMATION
fixed length control field he|amb|||bacu
008 - FIXED-LENGTH DATA ELEMENTS--GENERAL INFORMATION
fixed length control field 000816s1968 ua a b 000 0 eng d
039 #9 - LEVEL OF BIBLIOGRAPHIC CONTROL AND CODING DETAIL [OBSOLETE]
Level of rules in bibliographic description 200312151101
Level of effort used to assign nonsubject heading access points nehal
-- 200203190952
-- load
040 ## - CATALOGING SOURCE
Original cataloging agency EAL
090 ## - LOCALLY ASSIGNED LC-TYPE CALL NUMBER (OCLC); LOCAL CALL NUMBER (RLIN)
Classification number (OCLC) (R) ; Classification number, CALL (RLIN) (NR) Thesis
Local cutter number (OCLC) ; Book number/undivided call number, CALL (RLIN) S-1494
100 1# - MAIN ENTRY--PERSONAL NAME
Personal name El-Atrouzy, Nawal Abd Allah.
245 10 - TITLE STATEMENT
Title Ecological studies on mites associated with truck crops
Medium [microform] /
Statement of responsibility, etc. Nawal Abd Allah El-Atrouzy.
246 ## - VARYING FORM OF TITLE
Title proper/short title حصر ودراسة الكثافة العددية لانواع الاكاروسات التى تصيب الخضر منطقة الجيزة.
260 ## - PUBLICATION, DISTRIBUTION, ETC.
Date of publication, distribution, etc. 1968.
300 ## - PHYSICAL DESCRIPTION
Extent 126, 13 leaves :
Other physical details ill. ;
Dimensions 30 cm.
502 ## - DISSERTATION NOTE
Dissertation note Thesis (M.S.)-- Cairo University, 1968.
504 ## - BIBLIOGRAPHY, ETC. NOTE
Bibliography, etc. note Includes bibliographical references (leaves 116-126).
533 ## - REPRODUCTION NOTE
Type of reproduction Microfiche.
Place of reproduction ASUNET,
Agency responsible for reproduction Ain Shams University,
Physical description of reproduction 3 microfiches : negative.
546 ## - LANGUAGE NOTE
Language note Summary in Arabic.
596 ## -
-- 1
650 #0 - SUBJECT ADDED ENTRY--TOPICAL TERM
Topical term or geographic name entry element Mites
General subdivision Ecology.
650 #0 - SUBJECT ADDED ENTRY--TOPICAL TERM
Topical term or geographic name entry element Vegetables
General subdivision Diseases and pests.
650 #0 - SUBJECT ADDED ENTRY--TOPICAL TERM
Topical term or geographic name entry element Vegetable gardening.
942 ## - ADDED ENTRY ELEMENTS (KOHA)
Koha item type Microfiche
Source of classification or shelving scheme Library of Congress Classification
Holdings
Withdrawn status Lost status Source of classification or shelving scheme Damaged status Not for loan Home library Current library Date acquired Total Checkouts Full call number Barcode Date last seen Copy number Price effective from Koha item type
    Library of Congress Classification     Main Main 02/19/2018   THESIS S-1494 T01813 02/19/2018 1 02/19/2018 Microfiche

Home | About ENAL | Collections | Services | Activities | Calendar | Contact us

7 Nadi El Sayed St., Giza, Egypt | Phone:02-33351121 +02-33351313 | 
| Email: enalegypt@gmail.com